03626nam a22005415i 4500999001700000001001800017003000900035005001700044006001900061007001500080008004100095020001800136024003500154040001100189050001600200072001700216072001600233072002300249072002000272082001200292100007800304245011900382250001800501264007200519300006600591336002600657337002600683338003600709347002400745505059400769520127701363650001902640650001502659650002202674650002102696650002402717650002702741650003202768650002202800650003502822710003402857773002602891776003602917776003602953776003602989856004603025942001303071 c27402d27402978-981-16-6581-3DE-He21320240716161106.0a|||||o|||| 00| 0 cr nn 008mamaa220303s2022 si | s |||| 0|eng d a97898116658137 a10.1007/978-981-16-6581-32doi cimu-kc 4aDS331-349.9 7aHBJF2bicssc 7a1FK2bicssc 7aHIS0170002bisacsh 7aNHFx1FK2thema04a9542231 aMukherjee, Rila.eauthor.4aut4http://id.loc.gov/vocabulary/relators/aut10aIndia in the Indian Ocean Worldh[electronic resource] :bFrom the Earliest Times to 1800 CE /cby Rila Mukherjee. a1st ed. 2022. 1aSingapore :bSpringer Nature Singapore :bImprint: Springer,c2022. aXXVI, 410 p. 55 illus., 23 illus. in color.bonline resource. atextbtxt2rdacontent acomputerbc2rdamedia aonline resourcebcr2rdacarrier atext filebPDF2rda0 a1. Introduction -- 2. India in the Indian Ocean world -- 3. Indian Ocean History-Writing -- 4. From Sail to Steam -- 5. India in the Indian Ocean world: The archaeological record -- 6. India in the Indian Ocean world: The classical period -- 7. India in the Indian Ocean world: The early medieval period upto 1300 -- 8. From an Indian Ocean Realm to an Indian Ocean World: Changes 1300-1500 -- 9. 1500-1800: The Age of European Ascendance -- 10. Redrawing the Indian Ocean: imperialism, colonialism and the settlement of sea spaces -- 11. The current state of Indian Ocean history writing. aThe book integrates the latest scholarly literature on the entire Indian Ocean region, from East Africa to China. Issues such as India's history, India’s changing status in the region, and India's cross-cultural networking over a long period are explored in this book. It is organized in specific themes in thirteen chapters. It incorporates a wealth of research on India’s strategic significance in the Indian Ocean arena throughout history. It enriches the reader's understanding of the emergence of the Indian Ocean basin as a global arena for cross-cultural networking and nation-building. It discusses issues of trade and commerce, the circulation of ideas, peoples and objects, and social and religious themes, focusing on Hinduism, Buddhism, and Islam. The book provides a refreshingly different survey of India’s connected history in the Indian Ocean region starting from the archaeological record and ending with the coming of empire. The author’s unique experience, combined with an engaging writing style, makes the book highly readable. The book contributes to the field of global history and is of great interest to researchers, policymakers, teachers, and students across the fields of political, cultural, and economic history and strategic studies. 0aAsiaxHistory. 0aEthnology. 0aEconomic history. 0aHuman geography. 0aCultural geography.14aHistory of South Asia.24aSociocultural Anthropology.24aEconomic History.24aSocial and Cultural Geography.2 aSpringerLink (Online service)0 tSpringer Nature eBook08iPrinted edition:z978981166580608iPrinted edition:z978981166582008iPrinted edition:z978981166583740uhttps://doi.org/10.1007/978-981-16-6581-3 2ddccEBK